Answers Contain "Purple" 🟣 - Statistics

General Stats
  • This quiz has been taken 20 times
  • The average score is 7 of 15
Answer Stats
Hint Answer % Correct
1984 movie, album, and song by Prince Purple Rain
94%
Band behind “Highway Star” and “Smoke on the Water” Deep Purple
78%
U.S. military decoration awarded to wounded or killed soldiers Purple Heart
78%
1967 Jimi Hendrix song Purple Haze
72%
1994 Stone Temple Pilots album featuring "Interstate Love Song" Purple
56%
1982 Alice Walker novel with 1985 Spielberg film The Color Purple
56%
1985 Woody Allen film The Purple Rose of {Cairo}
56%
Overly ornate or flowery writing style purple prose
33%
Herbicide used by the U.S. military in Vietnam Agent Purple
28%
1955 children's book with 2024 movie Harold and the Purple {Crayon}
28%
Codeine-based beverage associated with Southern hip-hop purple {drank}
28%
1958 novelty song written and performed by Sheb Wooley The Purple People Eater
28%
2001 song by Eminem's group D12 Purple {Pill}s
22%
Nickname for Prince The Purple {One}
22%
A dye from sea snails, of the ancient Mediterranean world Tyrian purple
11%
No matching quizzes found
Score Distribution
Percent of People with Each Score
Percentile by Number Answered
Your Score History
You have not taken this quiz